| 000 | 00915nam a2200289 i 4500 | ||
|---|---|---|---|
| 001 | 66651 | ||
| 003 | ES-MaACL | ||
| 005 | 20230906165745.0 | ||
| 007 | t| | ||
| 008 | 880429r19861984sp ||||0| spa d ..| | ||
| 015 | _a1988-JUL-12909 | ||
| 016 | 7 | _zSAB9000018241 | |
| 020 | _a84-450-7047-9 | ||
| 040 |
_aM-BN-DP _bspa _cM-BN-DP |
||
| 080 | _a820-34"19" | ||
| 100 | 1 |
_aTolkien, J. R. R. _9110463 |
|
| 245 | 1 | 3 |
_aEl señor Bliss / _cJ.R.R. Tolkien ; [traducción de Rubén Masera]. |
| 250 | _a1ª ed. | ||
| 260 |
_aBarcelona : _bMinotauro, _c1984. |
||
| 300 |
_a[112] p. : _bil. col. ; _c16x22 cm. |
||
| 500 | _aIncluye reprod. facs. del ms. original en inglés que el autor escribió e ilustró para sus propios hijos. | ||
| 655 | 7 |
_2tgfbne _9226495 _aFacsímiles |
|
| 700 | 1 |
_aMasera, Rubén. _978704 |
|
| 852 |
_aES-MaACL _jL-27169 _bR.132776 |
||
| 942 | _2udc | ||
| 999 |
_c66651 _d66651 |
||